000 00726cam a2200229 a 4500
001 000008802
005 20200929161418.0
008 770112s1972 ve 000 f spa d
040 _aDO-SdBNP
_dBNPHU
082 _aV863.44
_bB641ho
100 1 _aBlanco-Fombona, Rufino,
_d1874-1944
_93877
245 1 3 _aEl hombre de hierro :
_bnovelin /
_cRufino Blanco Fombona.
260 _aCaracas, Venezuela :
_bMonte Ávila,
_c1972.
300 _a167 p. ;
_c16 cm.
490 1 _aBiblioteca popular. El Dorado
_v26
650 4 _aNovela venezolana
_93962
650 4 _aLiteratura venezolana
_93816
650 4 _aLiteratura latinoaméricana
_94717
830 0 _aBiblioteca popular. El Dorado ;
_v26
_913605
910 _aWM
049 _aBNGR
999 _c8571
_d8571